Central Library OPAC University of Rajshahi

Parliament and administration / (Record no. 47996)

MARC details
000 -LEADER
fixed length control field 00836nam a2200253 a 4500
001 - CONTROL NUMBER
control field 47996
003 - CONTROL NUMBER IDENTIFIER
rucl marc code BD-RjUL
005 - DATE AND TIME OF LATEST TRANSACTION
control field 20211209054434.0
008 - FIXED-LENGTH DATA ELEMENTS--GENERAL INFORMATION
fixed length control field 160811s2002 ii b 001 0 eng
020 ## - INTERNATIONAL STANDARD BOOK NUMBER
International Standard Book Number 8170337054
035 ## - SYSTEM CONTROL NUMBER
System control number (BD-RjUL)48115
040 ## - CATALOGING SOURCE
Original cataloging agency DLC
Transcribing agency DLC
Modifying agency BD-RjUL
Language of cataloging eng
041 ## - LANGUAGE CODE
Language code of text/sound track or separate title eng
082 00 - DEWEY DECIMAL CLASSIFICATION NUMBER
Classification number 328.540765
Edition number 23
Author mark and year GOP 2002
100 1# - MAIN ENTRY--PERSONAL NAME
Personal name Gosvāmī, Bhālacandra
Dates associated with a name 1929-
9 (RLIN) 145572
245 10 - TITLE STATEMENT
Title Parliament and administration /
Statement of responsibility, etc. B. Goswami.
260 ## - PUBLICATION, DISTRIBUTION, ETC. (IMPRINT)
Place of publication, distribution, etc. Jaipur :
Name of publisher, distributor, etc. Rawat Publications,
Date of publication, distribution, etc. c2002.
300 ## - PHYSICAL DESCRIPTION
Pagination 288 p. ;
Size 23 cm.
504 ## - BIBLIOGRAPHY, ETC. NOTE
Bibliography, etc Includes bibliographical references (p. 285) and index.
520 ## - SUMMARY, ETC.
Summary, etc. On the expected funtioning of various parliamentary committees in India.
610 10 - SUBJECT ADDED ENTRY--CORPORATE NAME
Corporate name or jurisdiction name as entry element India.
Subordinate unit Parliament.
-- Lok Sabha
650 #0 - SUBJECT ADDED ENTRY--TOPICAL TERM
Topical term or geographic name as entry element Budget
General subdivision Law and legislation
Geographic subdivision India.
9 (RLIN) 145574
942 ## - ADDED ENTRY ELEMENTS (KOHA)
Source of classification or shelving scheme Dewey Decimal Classification
Koha item type Books
Holdings
Lost status Source of classification or shelving scheme Damaged status Not for loan Collection code Permanent Location Current Location Shelving location Date acquired Source of acquisition Cost, normal purchase price Total Checkouts Full call number Date last seen Date checked out Copy number Koha item type
  Dewey Decimal Classification     Non-fiction Central Library, University of Rajshahi Central Library, University of Rajshahi   17/05/2006 Dhaka pragon enterprise 550.00 1 328.540765 GOP 2002 13/11/2024 15/01/2023 C-2 Books
  Dewey Decimal Classification   Not For Loan Non-fiction Central Library, University of Rajshahi Central Library, University of Rajshahi Reading Room 11/05/2006 dhaka, paragon Enterprice ltd. 550.00   328.540765 GOP 2002 19/12/2016   C-1 Books